Lorca y la generación del 27 / (Record no. 122123)

MARC details
000 -LEADER
campo de control de longitud fija 00880nam a2200253 i 4500
001 - NÚMERO DE CONTROL
campo de control 122123
003 - IDENTIFICADOR DE NÚMERO DE CONTROL
campo de control ES-MaACL
005 - FECHA Y HORA DE LA ÚLTIMA TRANSACCIÓN
campo de control 20250430203733.0
007 - CAMPO FIJO DE DESCRIPCIÓN FÍSICA--INFORMACIÓN GENERAL
campo de control de longitud fija t|
008 - DATOS DE LONGITUD FIJA--INFORMACIÓN GENERAL
campo de control de longitud fija 070214s1977 sp |||| | spa d
020 ## - NÚMERO INTERNACIONAL ESTÁNDAR DEL LIBRO
Número Internacional Estándar del Libro 84-7030-265-5
080 ## - NÚMERO DE LA CLASIFICACIÓN DECIMAL UNIVERSAL
Número de la Clasificación Decimal Universal 821.134.2 García Lorca, Federico 1.07
080 ## - NÚMERO DE LA CLASIFICACIÓN DECIMAL UNIVERSAL
Número de la Clasificación Decimal Universal 74 García Lorca, Federico
080 ## - NÚMERO DE LA CLASIFICACIÓN DECIMAL UNIVERSAL
Número de la Clasificación Decimal Universal 821.134.2.09"19"
100 1# - ENTRADA PRINCIPAL--NOMBRE DE PERSONA
Nombre de persona Prieto, Gregorio.
9 (RLIN) 93885
245 10 - MENCIÓN DEL TÍTULO
Título Lorca y la generación del 27 /
Mención de responsabilidad, etc. Gregorio Prieto ; textos de Rafael Alberti ... [et al.].
260 ## - PUBLICACIÓN, DISTRIBUCIÓN, ETC.
Lugar de publicación, distribución, etc. Madrid :
Nombre del editor, distribuidor, etc. Biblioteca Nueva,
Fecha de publicación, distribución, etc. 1977.
300 ## - DESCRIPCIÓN FÍSICA
Extensión 238 p., 47 lám. :
Otras características físicas il. ;
Dimensiones 24 cm.
600 14 - PUNTO DE ACCESO ADICIONAL DE MATERIA--NOMBRE DE PERSONA
Nombre de persona García Lorca, Federico,
Fechas asociadas al nombre 1898-1936-
Subdivisión general Crítica e interpretación
9 (RLIN) 54857
650 #4 - PUNTO DE ACCESO ADICIONAL DE MATERIA--TÉRMINO DE MATERIA
Término de materia o nombre geográfico como elemento de entrada Generación del 27 (Literatura)
9 (RLIN) 13050
700 1# - ENTRADA AGREGADA--NOMBRE PERSONAL
Nombre de persona Alberti, Rafael,
Fechas asociadas al nombre 1902-1999
9 (RLIN) 240174
852 4# - LOCALIZACIÓN
Ubicación ES-MaACL
Número de control de estantería A-8200
Holdings
Estatus retirado Estado de pérdida Estado de daño No para préstamo Biblioteca de origen Biblioteca actual Ubicación en estantería Fecha de adquisición Fuente de adquisición Total de préstamos Signatura topográfica completa Código de barras Visto por última vez Precio de reemplazo Tipo de ítem Koha
        Biblioteca del Ateneo de Madrid Biblioteca del Ateneo de Madrid Sala Pecera Planta 1 17/01/2008     A-8200 1127266 23/02/2023 23/02/2023 Libro impreso